Statistics for US Presidents - full name

Click here to take the quiz!

General Stats

  • This quiz has been taken 32 times
  • The average score is 15 of 45

Answer Stats

HintAnswer% Correct
1789-1797George Washington
100%
1797-1801John Adams
92%
1801-1809Thomas Jefferson
92%
1809-1817James Madison
88%
1825-1829John Quincy Adams
83%
1829-1837Andrew Jackson
79%
1817-1825James Monroe
79%
1837-1841Martin Van Buren
75%
1861-1865Abraham Lincoln
58%
1841-1841William Henry Harrison
54%
1865-1869Andrew Johnson
50%
1841-1845John Tyler
50%
1857-1861James Buchanan
42%
1850-1853Millard Fillmore
42%
1853-1857Franklin Pierce
33%
1849-1850Zachary Taylor
33%
1933-1945Franklin Delano Roosevelt
29%
1945-1953Harry S. Truman
29%
1953-1961Dwight David Eisenhower
25%
1961-1963John Fitzgerald Kennedy
25%
2009-2017Barack Hussein Obama
21%
1989-1993George Herbert Walker Bush
21%
2001-2009George Walker Bush
21%
1845-1849James Knox Polk
21%
1901-1909Theodore Roosevelt
21%
1993-2001William Jefferson Clinton
21%
2017-presentDonald John Trump
17%
1963-1969Lyndon Baines Johnson
17%
1897-1901William McKinley
17%
1889-1893Benjamin Harrison
13%
1881-1885Chester Alan Arthur
13%
1881-1881James Abram Garfield
13%
1877-1881Rutherford Birchard Hayes
13%
1913-1921Thomas Woodrow Wilson
13%
1909-1913William Howard Taft
13%
1929-1933Herbert Clark Hoover
8%
1869-1877Hiram Ulysses Grant
8%
1977-1981James Earl Carter
8%
1923-1929John Calvin Coolidge
8%
1969-1974Richard Milhous Nixon
8%
1885-1889Stephen Grover Cleveland
8%
1893-1897Stephen Grover Cleveland
8%
1921-1923Warren Gamaliel Harding
8%
1974-1977Gerald Rudolph Ford
4%
1981-1989Ronald Wilson Reagan
4%

Score Distribution

Percentile by Number Answered

Percent of People with Each Score

Your Score History

You have not taken this quiz